|
|
|
|
| LEADER |
01169cam a22002651i 4500 |
| 001 |
6632341 |
| 003 |
GR-PaULI |
| 005 |
20210117210635.0 |
| 008 |
180607s1971 gw g b 001 0 ger d |
| 010 |
|
|
|a 70862565
|
| 020 |
|
|
|a 3110033110
|
| 040 |
|
|
|a DLC
|c OGK
|d OCoLC
|d NcGU
|d DLC
|d GR-PaULI
|b gre
|e AACR2
|
| 082 |
0 |
4 |
|2 23
|a 832
|
| 100 |
1 |
|
|a Michael, Wolfgang F.
|q (Wolfgang Friedrich),
|d 1909-
|9 169347
|e συγγραφέας
|
| 245 |
1 |
4 |
|a Das deutsche Drama des Mittelalters /
|c Von Wolfgang F. Michael.
|
| 260 |
|
|
|a Berlin ;
|a New York :
|b de Gruyter,
|c 1971.
|
| 300 |
|
|
|a xi, 304 σ.
|c 23 εκ.
|
| 490 |
1 |
|
|a Grundriss der germanischen Philologie ;
|v 20
|
| 504 |
|
|
|a Περιλαμβάνει βιβλιογραφία και ευρετήριο.
|
| 650 |
|
4 |
|a Γερμανικό δράμα
|y Μέχρι το 1500
|x Ιστορία και κριτική.
|9 169356
|
| 830 |
|
0 |
|9 169349
|a Grundriss der germanischen Philologie ;
|v 20
|
| 942 |
|
|
|2 ddc
|c BK15
|
| 952 |
|
|
|0 0
|1 0
|2 ddc
|4 0
|6 832_000000000000000_MIC
|7 0
|9 222909
|a THST
|b THST
|d 2018-06-07
|i 009117
|l 0
|o 832 MIC
|p 025000010501
|r 2018-06-07 00:00:00
|t 1
|v 2018.00
|w 2018-06-07
|y BK15
|
| 998 |
|
|
|c ΜΑΝΙΑ
|d 2018-06
|
| 999 |
|
|
|c 134714
|d 134714
|